|
|
|
|
| LEADER |
00000nam a22000007a 4500 |
| 005 |
2021070603323.0 |
| 007 |
cr|||| |||| |
| 008 |
210706s2015 co |||||s||||a00||0 spa d |
| 020 |
|
|
|a 978-958-762-411-3
|
| 035 |
|
|
|a 33335
|
| 040 |
|
|
|a vLex
|
| 090 |
|
|
|c 11848
|d 11848
|
| 100 |
1 |
|
|a Herrero Delgado, Jos ̌Luis
|
| 245 |
1 |
0 |
|a Cm̤o enriquecerse en bolsa
|h [Recurso electrn̤ico] /
|c Jos ̌Luis Herrero Delgado
|
| 256 |
|
|
|a Servicio en ln̕ea
|
| 260 |
|
|
|a Bogot:̀
|b Ediciones de la U,
|c 2015
|
| 300 |
|
|
|a 1 recurso electrn̤ico
|
| 500 |
|
|
|a Si no quieres perder en Bolsa puedes seguir el mťodo que utiliza mi esposa: comprar y no vender. Hace ms̀ de veinte aǫs que compr ̤unas acciones del Santander y Endesa, y con ellas sigue. Bueno, con las de Endesa ya no, porque ante la opa, se anim ̤a acudir a la misma. Obtuvo plusvala̕s.
|
| 506 |
1 |
|
|a Disponible solo en los productos indicados
|d vLex Global
|d vLex Global (Academic Edition, excluding Law Schools)
|d vLex Global (U.S. Academic Edition, Law Schools)
|d vLex Global (U.S. Academic Edition, excluding Law Schools)
|d vLex Global (Academic Edition, Law Schools)
|
| 650 |
0 |
4 |
|a Contabilidad
|z Colombia
|
| 650 |
0 |
4 |
|a Banca y finanzas
|z Colombia
|
| 740 |
0 |
|
|a vLex Libros (Servicio en ln̕ea)
|
| 856 |
4 |
0 |
|u https://vlex.com/source/como-enriquecerse-en-bolsa-33335
|z Acceso restringido
|
| 942 |
|
|
|c BOOK
|
| 999 |
0 |
|
|a Accounting
|
| 999 |
0 |
|
|a Banking and finance
|